000 00713nam a22002297a 4500
005 20170124110040.0
010 _a919802
020 _c50.00
035 _a919802
037 _bCen Lib/Ret
040 _aDPL
_bEN
082 _a883.08
_bPER
245 _aPerspectives on Mulk Raj Anand /
_cedited by K.K.Sharma
260 _bVimal Prakashan
_c1978
_aGhaziabad
270 _a413-A, Ram Nagar
_e201 001
300 _axxxi,188p.
_c19cm(Hb)
500 _aIncludes bibliographical references
650 _a Anand, Mulk Raj, -- 1905-2004 -- Criticism and interpretation
_923456
650 _aIndia -- In literature
_923457
700 _aSharma, K.K.
_911710
942 _2ddc
_cEN
_h883.08
_mPER
999 _c128456
_d128456